| 000 | 01336nam a2200349 a 4500 | ||
|---|---|---|---|
| 001 | 000115275 | ||
| 003 | CHAP | ||
| 005 | 20220329144527.0 | ||
| 008 | 190123s2018 mx |sm |||||||spa d | ||
| 010 | _a111736 | ||
| 011 | _a112708 | ||
| 040 | _cCHAP | ||
| 090 | _aTesis | ||
| 100 | 1 |
_aVilla Vázquez, Sherly Eviret. _9135481 |
|
| 245 | 1 | 0 |
_aComparación entre dos portafolios de inversión del sector agroalimentario de Estados Unidos de América y México _h[En línea] _cpor Sherly Eviret Villa Vázquez. |
| 260 |
_aChapingo, Méx. : _bEl autor, _c2018. |
||
| 500 | _aPara ver el contenido del material haga clic en la liga | ||
| 502 | _aTesis (Licenciado en Economia) -- UACH. División de Ciencias Económico Administrativas | ||
| 590 |
_aBATCH-UPD _b05 _c20190123 _lUCH01 _h0941 |
||
| 590 |
_aE6337LMJ _b05 _c20190123 _lUCH01 _h0940 |
||
| 590 |
_aE6337LMJ _b05 _c20190123 _lUCH01 _h0946 |
||
| 590 |
_aE6337LMJ _b05 _c20190123 _lUCH01 _h0946 |
||
| 590 |
_aE6337LMJ _b05 _c20190123 _lUCH01 _h1101 |
||
| 650 | 1 | 4 |
_aAgricultura _xAspectos económicos _zMéxico _91312 |
| 650 | 1 | 4 |
_aInversiones _zMéxico. _960189 |
| 650 | 1 | 4 |
_aTasas de interés. _9111728 |
| 700 | 1 |
_aFlores Hernández, Daniel. _9125644 |
|
| 856 |
_aFinding aid _uhttp://10.13.5.2/tesis/sist115275.pdf _zTeclea aquí |
||
| 901 | _aBK | ||
| 942 | _cTESIS | ||
| 942 | _n0 | ||
| 999 |
_c111736 _d111736 |
||